Inside foreign aid / (Record no. 1390)
[ view plain ]
| 000 -LEADER | |
|---|---|
| fixed length control field | 00755pam a2200265 i 4500 |
| 001 - CONTROL NUMBER | |
| control field | 4106814 |
| 003 - CONTROL NUMBER IDENTIFIER | |
| control field | GZU |
| 005 - DATE AND TIME OF LATEST TRANSACTION | |
| control field | 20201014101330.0 |
| 008 - FIXED-LENGTH DATA ELEMENTS--GENERAL INFORMATION | |
| fixed length control field | 750616s1975 mdu b 001 0 eng |
| 010 ## - LIBRARY OF CONGRESS CONTROL NUMBER | |
| LC control number | 75011353 |
| 020 ## - INTERNATIONAL STANDARD BOOK NUMBER | |
| International Standard Book Number | 080181`7315 |
| 040 ## - CATALOGING SOURCE | |
| Original cataloging agency | DLC |
| Transcribing agency | DLC |
| Modifying agency | DLC |
| 043 ## - GEOGRAPHIC AREA CODE | |
| Geographic area code | n-us--- |
| 050 00 - LIBRARY OF CONGRESS CALL NUMBER | |
| Classification number | HC60 |
| Item number | TEN 1975 |
| 082 00 - DEWEY DECIMAL CLASSIFICATION NUMBER | |
| Classification number | 338.91/172/4073 |
| 100 1# - MAIN ENTRY--PERSONAL NAME | |
| Personal name | Tendler, Judith. |
| 245 10 - TITLE STATEMENT | |
| Title | Inside foreign aid / |
| Statement of responsibility, etc. | Judith Tendler. |
| 260 ## - PUBLICATION, DISTRIBUTION, ETC. | |
| Place of publication, distribution, etc. | Baltimore : |
| Name of publisher, distributor, etc. | Johns Hopkins University Press, |
| Date of publication, distribution, etc. | [1975] |
| 300 ## - PHYSICAL DESCRIPTION | |
| Extent | viii, 140 p. ; |
| Dimensions | 24 cm. |
| 500 ## - GENERAL NOTE | |
| General note | Includes index. |
| 504 ## - BIBLIOGRAPHY, ETC. NOTE | |
| Bibliography, etc. note | Bibliography: p. 129-135. |
| 650 #0 - SUBJECT ADDED ENTRY--TOPICAL TERM | |
| Topical term or geographic name entry element | Economic assistance, American. |
| 906 ## - LOCAL DATA ELEMENT F, LDF (RLIN) | |
| a | 7 |
| b | cbc |
| c | orignew |
| d | 1 |
| e | ocip |
| f | 19 |
| g | y-gencatlg |
| 942 ## - ADDED ENTRY ELEMENTS (KOHA) | |
| Source of classification or shelving scheme | Library of Congress Classification |
| Koha item type | Books |
| Classification part | 60 |
| Item part | TEN |
| Call number prefix | HC |
| Withdrawn status | Lost status | Damaged status | Not for loan | Home library | Current library | Shelving location | Date acquired | Total Checkouts | Full call number | Barcode | Date last seen | Copy number | Price effective from | Koha item type |
|---|---|---|---|---|---|---|---|---|---|---|---|---|---|---|
| City Campus Library | City Campus Library | General Stacks | 10/14/2020 | HC 60 TEN 1975 | 024953 | 10/14/2020 | C.1 | 10/14/2020 | Books |